[Event "GER-ch U12 Girls"]
[Site "Willingen"]
[Date "2019.06.12"]
[Round "6"]
[White "Sens, Gerda"]
[Black "Sohr, Luna"]
[Result "1/2-1/2"]
[WhiteElo "1018"]
[BlackElo "1357"]
[PlyCount "77"]
[EventDate "2019.06.08"]
[EventType "swiss"]
[EventRounds "9"]
[EventCountry "GER"]
[SourceTitle "CBM 191 Extra"]
[Source "ChessBase"]
[SourceDate "2019.09.30"]
[SourceVersion "1"]
[SourceVersionDate "2019.09.30"]
[SourceQuality "1"]

1. e4 e5 2. Nf3 Nc6 3. Bc4 Bc5 4. 0-0 d6 5. Nc3 Nf6 6. d3 h6 7. Be3 Bb6 8. Nd5 0-0 9. Nxb6 axb6 10. Qd2 Ng4 11. h3 Nxe3 12. Qxe3 Qf6 13. Rad1 Nb4 14. Rc1 Be6 15. Bxe6 fxe6 16. a3 Nc6 17. c3 Rac8 18. d4 exd4 19. cxd4 e5 20. Qb3+ Kh7 21. dxe5 Nxe5 22. Nxe5 Qxe5 23. Qc2 Rfe8 24. Rfe1 Kh8 25. Qb1 Qf4 26. Qc2 Re5 27. g3 Qg5 28. Qd3 Rc5 29. f4 Qe7 30. Rxc5 bxc5 31. e5 Re8 32. Qc3 dxe5 33. fxe5 b6 34. b4 cxb4 35. axb4 Rf8 36. b5 Qf7 37. Qe3 Qe6 38. g4 Ra8 39. Qe4 1/2-1/2

[Event "GER-ch U12 Girls"]
[Site "Willingen"]
[Date "2019.06.09"]
[Round "2"]
[White "Sohr, Luna"]
[Black "Heuberger, Sandra"]
[Result "1-0"]
[WhiteElo "1357"]
[BlackElo "1077"]
[PlyCount "87"]
[EventDate "2019.06.08"]
[EventType "swiss"]
[EventRounds "9"]
[EventCountry "GER"]
[SourceTitle "CBM 191 Extra"]
[Source "ChessBase"]
[SourceDate "2019.09.30"]
[SourceVersion "1"]
[SourceVersionDate "2019.09.30"]
[SourceQuality "1"]

1. e4 e5 2. Nf3 Nc6 3. Bb5 Nf6 4. d3 Be7 5. Bxc6 dxc6 6. Nxe5 Bd6 7. Nf3 0-0 8. h3 h6 9. 0-0 Nd7 10. d4 c5 11. e5 Be7 12. d5 Nb6 13. Nc3 Bf5 14. Re1 Qc8 15. Kh2 Re8 16. Qe2 Bf8 17. Nh4 Bh7 18. f4 Qd8 19. Qf2 Be7 20. Nf3 Bf5 21. Rd1 Qb8 22. Be3 Nd7 23. Rac1 a6 24. Nh4 Bh7 25. Qg3 b5 26. Qg4 Qd8 27. Nf5 Bxf5 28. Qxf5 Rf8 29. Qg4 Rb8 30. e6 Nf6 31. Qf3 Qc8 32. f5 Bd6+ 33. Kh1 Be5 34. Bxc5 Re8 35. Bd4 Bd6 36. Bxf6 gxf6 37. Ne4 Be7 38. Qg4+ Kf8 39. Qh5 fxe6 40. Qxh6+ Kg8 41. Rd3 Bf8 42. Rg3+ Kf7 43. Qh7+ Bg7 44. Qxg7# 1-0

[Event "GER-ch U10 Girls"]
[Site "Willingen"]
[Date "2017.06.09"]
[Round "10"]
[White "Sohr, Luna"]
[Black "Voigt, Anastasia"]
[Result "1-0"]
[WhiteElo "1199"]
[BlackElo "1181"]
[PlyCount "81"]
[EventDate "2017.06.04"]
[EventType "swiss"]
[EventRounds "11"]
[EventCountry "GER"]
[SourceTitle "CBM 178 Extra"]
[Source "ChessBase"]
[SourceDate "2017.06.22"]
[SourceVersion "1"]
[SourceVersionDate "2017.06.22"]
[SourceQuality "1"]

1. e4 e5 2. Nf3 Nc6 3. Nc3 Nf6 4. Bb5 d6 5. 0-0 Be7 6. d3 0-0 7. Bxc6 bxc6 8. h3 Be6 9. Bg5 Rb8 10. b3 Re8 11. Re1 h6 12. Bh4 Qd7 13. d4 exd4 14. Nxd4 a6 15. Nxe6 Qxe6 16. f4 Rb4 17. a3 Rbb8 18. f5 Qe5 19. Qf3 Nd7 20. Bg3 Qf6 21. Rad1 Rbd8 22. e5 dxe5 23. Ne4 Qh4 24. Bxh4 Bxh4 25. g3 Be7 26. a4 a5 27. Rd3 Nb6 28. Rxd8 Rxd8 29. Rd1 Rf8 30. Qg4 Kh8 31. Qf3 Nd5 32. c4 Nb4 33. f6 gxf6 34. Nxf6 Rd8 35. Rxd8+ Bxd8 36. Qf5 Kg7 37. Nh5+ Kg8 38. Qc8 Kh7 39. Qxd8 Kg6 40. Qf6+ Kxh5 41. g4# 1-0

[Event "GER-ch U10 Girls"]
[Site "Willingen"]
[Date "2017.06.07"]
[Round "6"]
[White "Wilmink, Anna"]
[Black "Sohr, Luna"]
[Result "0-1"]
[WhiteElo "1140"]
[BlackElo "1199"]
[PlyCount "80"]
[EventDate "2017.06.04"]
[EventType "swiss"]
[EventRounds "11"]
[EventCountry "GER"]
[SourceTitle "CBM 178 Extra"]
[Source "ChessBase"]
[SourceDate "2017.06.22"]
[SourceVersion "1"]
[SourceVersionDate "2017.06.22"]
[SourceQuality "1"]

1. e4 e5 2. Nc3 Nc6 3. Bc4 Nf6 4. d3 h6 5. f4 d6 6. Nf3 Bg4 7. 0-0 Nd4 8. Be3 Nxf3+ 9. gxf3 Bh3 10. Rf2 Be7 11. fxe5 dxe5 12. f4 exf4 13. Bxf4 0-0 14. Rf3 Bg4 15. Nb5 c6 16. Nc7 Rc8 17. Qf1 Bxf3 18. Qxf3 Rxc7 19. e5 Nd5 20. Bxd5 Qxd5 21. Qg4 Qe6 22. Qf3 Bc5+ 23. Kf1 Qg6 24. Ke2 Re8 25. h4 h5 26. c3 Qg4 27. Qxg4 hxg4 28. Kd2 Rce7 29. d4 Bb6 30. Rg1 Re6 31. h5 Rd8 32. Rxg4 c5 33. Be3 cxd4 34. cxd4 Rxe5 35. h6 g6 36. Kc3 Rxe3+ 37. Kc4 Re1 38. a4 Rd1 39. Kb5 R1xd4 40. Rg3 R8d5# 0-1

[Event "GER-ch U10 Girls"]
[Site "Willingen"]
[Date "2017.06.06"]
[Round "5"]
[White "Sohr, Luna"]
[Black "Winkler, Sarah"]
[Result "0-1"]
[WhiteElo "1199"]
[BlackElo "1251"]
[PlyCount "136"]
[EventDate "2017.06.04"]
[EventType "swiss"]
[EventRounds "11"]
[EventCountry "GER"]
[SourceTitle "CBM 178 Extra"]
[Source "ChessBase"]
[SourceDate "2017.06.22"]
[SourceVersion "1"]
[SourceVersionDate "2017.06.22"]
[SourceQuality "1"]

1. e4 e5 2. Nf3 Nc6 3. Nc3 Nf6 4. Bb5 Bb4 5. 0-0 0-0 6. d3 d6 7. Bg5 Bxc3 8. bxc3 Qe7 9. Bxc6 bxc6 10. Re1 h6 11. Bh4 Re8 12. Rb1 Be6 13. a3 Rab8 14. Rxb8 Rxb8 15. d4 Bg4 16. h3 Bh5 17. Qd3 Bg6 18. Nh2 Qe6 19. Bxf6 Qxf6 20. Qf3 Qxf3 21. Nxf3 Rb2 22. dxe5 Rxc2 23. exd6 cxd6 24. Re3 Ra2 25. c4 Rb2 26. Nd4 Rb6 27. f4 f6 28. e5 fxe5 29. fxe5 dxe5 30. Rxe5 Ra6 31. Re6 Bf7 32. Rxc6 Rxa3 33. Nb5 Ra4 34. Rc8+ Kh7 35. c5 a5 36. c6 Rc4 37. Nd6 Rc1+ 38. Kh2 Be6 39. Rc7 Bd5 40. Nf5 Kh8 41. Rxg7 Bxc6 42. Ra7 a4 43. Nxh6 Ra1 44. Kg3 a3 45. Kg4 a2 46. Kg5 Be4 47. Nf5 Bxf5 48. Kxf5 Rf1+ 49. Kg6 a1Q 50. Rxa1 Rxa1 51. h4 Ra6+ 52. Kg5 Kg7 53. g3 Ra5+ 54. Kg4 Kg6 55. Kh3 Ra4 56. g4 Kf6 57. g5+ Kg6 58. Kg3 Kh5 59. Kf3 Rxh4 60. g6 Kxg6 61. Ke3 Kf5 62. Kd3 Ke5 63. Ke3 Rh3+ 64. Kf2 Kf4 65. Kg2 Rd3 66. Kh2 Kg4 67. Kh1 Kg3 68. Kg1 Rd1# 0-1

[Event "GER-ch U10 Girls"]
[Site "Willingen"]
[Date "2017.06.04"]
[Round "1"]
[White "Sohr, Luna"]
[Black "Prinzen, Siri Marleen"]
[Result "1-0"]
[WhiteElo "1199"]
[BlackElo "951"]
[PlyCount "107"]
[EventDate "2017.06.04"]
[EventType "swiss"]
[EventRounds "11"]
[EventCountry "GER"]
[SourceTitle "CBM 178 Extra"]
[Source "ChessBase"]
[SourceDate "2017.06.22"]
[SourceVersion "1"]
[SourceVersionDate "2017.06.22"]
[SourceQuality "1"]

1. e4 e5 2. Nf3 Nc6 3. Nc3 Nf6 4. Bb5 Bb4 5. d3 Nd4 6. Ba4 Nxf3+ 7. Qxf3 0-0 8. 0-0 c6 9. Bg5 Be7 10. Qg3 Nh5 11. Qf3 Bxg5 12. Qxh5 h6 13. Bb3 g6 14. Qf3 d6 15. Rad1 h5 16. h3 Be6 17. d4 exd4 18. Rxd4 c5 19. Rdd1 Bh4 20. Qf4 Qg5 21. Qxg5 Bxg5 22. Bxe6 fxe6 23. Rxd6 Rae8 24. Rd7 Re7 25. Rxe7 Bxe7 26. Rd1 c4 27. Rd7 Bc5 28. Nd1 b5 29. Kf1 Rf4 30. f3 e5 31. Rd5 Bb6 32. Rxb5 Rf8 33. Rxe5 Rd8 34. Rd5 Rxd5 35. exd5 Kf7 36. Nc3 Ke7 37. Ke2 Kd6 38. f4 Bd4 39. Kf3 Bxc3 40. bxc3 Kxd5 41. h4 Ke6 42. g4 a5 43. a4 Kf6 44. g5+ Kf5 45. Ke3 Kg4 46. Ke4 Kxh4 47. Kf3 Kh3 48. f5 Kh4 49. fxg6 Kxg5 50. g7 Kh6 51. g8Q h4 52. Kf4 h3 53. Kf5 h2 54. Qg6# 1-0